| 000 | 00625nam a2200217Ia 4500 | ||
|---|---|---|---|
| 005 | 20241129110029.0 | ||
| 008 | 241129s9999||||xx |||||||||||||| ||und|| | ||
| 020 | _a978-1-4711-3041-0 | ||
| 037 | _aTB | ||
| 040 |
_aARTS _beng _cARTS |
||
| 041 |
_aeng _2eng |
||
| 084 |
_aSxM84w Q7 _qARTS |
||
| 100 |
_aSearls Damion Au. _9726965 |
||
| 245 | 0 |
_aInkblots : Hermann Rorschach, his iconic test and the power of seeing _cSearls Damion Au. |
|
| 260 |
_aUK _bSimon and Schuster _c2023 |
||
| 300 | _ax,405p. | ||
| 365 |
_aUKP _b12.99 |
||
| 650 | _aPsychology | ||
| 942 |
_cTB _hSxM84w Q7 |
||
| 999 |
_c1227065 _d1227065 |
||